[Event "Tô retada..."]
[Site "http://www.queenalice.com/game.php?id=147886"]
[Date "2006.12.29"]
[Round "-"]
[White "degas"]
[Black "vania"]
[Result "0-1"]
[WhiteElo "1336"]
[BlackElo "1348"]

1. e4 e5 2. Qf3 Nc6 3. Bc4 f6 4. Nc3 Nd4 5. Qd3 d6 6. Nf3 Ne6 7. Bxe6 Bxe6 8.
O-O c5 9. Re1 c4 10. Qe3 a5 11. Nd5 g5 12. d4 a4 13. dxe5 dxe5 14. Nb6 Ra6 15.
Bd2 Rxb6 16. Ba5 Qd6 17. Bxb6 g4 18. Rad1 Qc6 19. Rd8+ Kf7 20. Red1 gxf3 21.
gxf3 Be7 22. f4 Bxd8 23. Bxd8 b5 24. Qa7+ Kg6 25. fxe5 fxe5 26. h4 Qxe4 27. Rd6
Kf5 28. f4 Qxf4 29. Qg7 Qc1+ 0-1

[Event "Challenge"]
[Site "http://www.queenalice.com/game.php?id=147891"]
[Date "2006.12.29"]
[Round "-"]
[White "degas"]
[Black "Delikz"]
[Result "0-1"]
[WhiteElo "1382"]
[BlackElo "1385"]

1. e4 Nf6 2. Nc3 e6 3. Nf3 c6 4. Bc4 b5 5. e5 Nh5 6. d4 bxc4 7. g4 Nf6 8. exf6
Qxf6 9. O-O Qg6 10. Bf4 Na6 11. Ne5 Qf6 12. Qf3 Nb4 13. g5 Qe7 14. Rfe1 Nxc2 15.
Nxc4 Nxe1 16. Rxe1 Qb4 17. Nd6+ Bxd6 18. a3 Qxd4 19. Re4 Qc5 20. Na4 Qf5 0-1

[Event "Challenge"]
[Site "http://www.queenalice.com/game.php?id=165202"]
[Date "2007.2.8"]
[Round "-"]
[White "vania"]
[Black "degas"]
[Result "1-0"]
[WhiteElo "1361"]
[BlackElo "1347"]

1. Nc3 e5 2. Nf3 Nc6 3. h4 Bc5 4. Ne4 d5 5. Nxc5 Nf6 6. a4 O-O 7. a5 b6 8. Na4
Bf5 9. axb6 cxb6 10. h5 e4 11. Ng5 h6 12. Nh3 Bxh3 13. Rxh3 g5 14. b4 Nxb4 15.
d4 Rc8 16. c3 Rxc3 17. Nxc3 g4 18. Rh4 Qc7 19. Nb5 Qc4 20. Na3 Qc3+ 21. Bd2 Qb2
22. Bxh6 a5 23. Bxf8 Qc3+ 24. Qd2 Qxa1+ 25. Qd1 Qxa3 26. Be7 Qc3+ 27. Qd2 1-0

[Event "Challenge"]
[Site "http://www.queenalice.com/game.php?id=174864"]
[Date "2007.2.27"]
[Round "-"]
[White "degas"]
[Black "vania"]
[Result "1-0"]
[WhiteElo "1328"]
[BlackElo "1361"]

1. e4 e5 2. Nc3 c5 3. Nf3 Nc6 4. Bc4 Na5 5. Nxe5 Nxc4 6. Nd5 Nxe5 7. O-O b5 8.
f4 Ng6 9. Qg4 Nh6 10. Qh5 a5 11. f5 Nh4 12. f6 gxf6 13. Nxf6+ Ke7 14. Qe5# 1-0

[Event "Challenge"]
[Site "http://www.queenalice.com/game.php?id=180291"]
[Date "2007.3.11"]
[Round "-"]
[White "carlao2005"]
[Black "degas"]
[Result "1-0"]
[WhiteElo "1481"]
[BlackElo "1300"]

1. d4 Nf6 2. Bg5 h6 3. Bxf6 exf6 4. e4 Nc6 5. d5 Ne5 6. f4 Ng6 7. f5 Ne5 8. Nf3
Nxf3+ 9. gxf3 Bc5 10. Nc3 O-O 11. Qd3 c6 12. d6 a5 13. O-O-O Re8 14. Na4 Re5 15.
Nxc5 Rxc5 16. Qd4 Qb6 17. h4 h5 18. Be2 a4 19. f4 a3 20. b3 Qa5 21. Qa4 b5 22.
Qxa5 Rxa5 23. Bxh5 g6 24. Rhg1 Kh7 25. fxg6+ fxg6 26. Bxg6+ Kh6 27. Bf5 b4 28.
Rg6+ Kh7 29. Rxf6+ Kg7 30. e5 Ba6 31. Rg1+ Kh8 32. Rh6# 1-0

[Event "Challenge"]
[Site "http://www.queenalice.com/game.php?id=188259"]
[Date "2007.3.27"]
[Round "-"]
[White "degas"]
[Black "carlao2005"]
[Result "0-1"]
[WhiteElo "1291"]
[BlackElo "1540"]

1. e4 e5 2. Qf3 Nf6 3. Nc3 Bb4 4. Bc4 O-O 5. Nd5 Nxd5 6. Bxd5 c6 7. a3 cxd5 8.
axb4 dxe4 9. Qxe4 d6 10. d4 Nc6 11. c3 exd4 12. Ne2 dxc3 13. bxc3 d5 14. Qf3 Re8
15. h4 d4 16. O-O d3 17. Nf4 d2 18. Bb2 Bf5 19. b5 Ne5 20. Qxb7 Bc2 21. b6 d1=Q
22. Raxd1 Bxd1 23. c4 Qxh4 24. Rxd1 Qxf4 25. Rd4 Qh6 26. Re4 Rad8 27. Re1 Nf3+
28. gxf3 Rxe1+ 29. Kg2 Rh1 30. Kg3 Qg5# 0-1

[Event "Challenge"]
[Site "http://www.queenalice.com/game.php?id=208822"]
[Date "2007.5.10"]
[Round "-"]
[White "vania"]
[Black "degas"]
[Result "1-0"]
[WhiteElo "1348"]
[BlackElo "1315"]

1. e4 e5 2. Qh5 g6 3. Qxe5+ Qe7 4. Qxh8 Nf6 5. d4 Qb4+ 6. c3 Qe7 7. Bh6 Qxe4+ 8.
Ne2 d5 9. Qxf8+ Kd7 10. Qxf7+ Kd8 11. Qxf6+ Kd7 12. Qf7+ 1-0

[Event "Challenge"]
[Site "http://www.queenalice.com/game.php?id=208823"]
[Date "2007.5.10"]
[Round "-"]
[White "degas"]
[Black "vania"]
[Result "0-1"]
[WhiteElo "1331"]
[BlackElo "1332"]

1. e4 e5 2. Nf3 c5 3. Nxe5 Nh6 4. Nc3 d6 5. Bb5+ Ke7 6. Nd5+ Ke6 7. Nc4 a6 8.
Ba4 b5 9. Ncb6 Ra7 10. Bb3 c4 11. Bxc4 bxc4 0-1

[Event "Challenge"]
[Site "http://www.queenalice.com/game.php?id=237809"]
[Date "2007.7.10"]
[Round "-"]
[White "vania"]
[Black "degas"]
[Result "1-0"]
[WhiteElo "1304"]
[BlackElo "1332"]

1. Nf3 Nf6 2. Nc3 d5 3. d4 Bf5 4. Nh4 e6 5. Nxf5 g6 6. Ng3 Nc6 7. a4 Bd6 8. Nb5
e5 9. Nxd6+ cxd6 10. Bh6 Nxd4 11. c3 Ne4 12. cxd4 Qa5+ 13. Bd2 Qb6 14. a5 Qxd4
15. e3 Qc5 16. b4 Qc6 17. b5 Qc5 18. Rc1 Qa3 19. Rc7 O-O 20. Rxb7 d4 21. Bd3
Qxd3 22. Nf1 dxe3 23. fxe3 f5 24. Ng3 f4 25. exf4 Rxf4 26. Bxf4 Qc3+ 27. Kf1
exf4 28. Nxe4 Qc4+ 29. Qe2 Qd4 30. Nf6+ Kf8 31. Qe7# 1-0

[Event "Challenge"]
[Site "http://www.queenalice.com/game.php?id=237810"]
[Date "2007.7.10"]
[Round "-"]
[White "degas"]
[Black "vania"]
[Result "1-0"]
[WhiteElo "1285"]
[BlackElo "1349"]

1. e4 e5 2. Nc3 c5 3. Qf3 Nf6 4. Bc4 h5 5. Nh3 a5 6. O-O Nc6 7. d3 Nd4 8. Qe3
Nxc2 9. Qg5 Nxa1 10. Qxe5+ Be7 11. Nd5 Ng8 12. Nc7+ Kf8 13. Nxa8 d6 14. Qf4 Nh6
15. g4 Bg5 16. Nxg5 Qd7 17. Nb6 Qc6 18. Nd5 b5 19. Bxb5 Qxb5 20. Qxd6+ Kg8 21.
Qd8+ Qe8 22. Qxe8# 1-0

[Event "Challenge"]
[Site "http://www.queenalice.com/game.php?id=247929"]
[Date "2007.7.29"]
[Round "-"]
[White "carlao2005"]
[Black "degas"]
[Result "0-1"]
[WhiteElo "1608"]
[BlackElo "1304"]

1. e4 c5 2. b4 cxb4 3. d4 h5 4. Nf3 Nf6 5. e5 Nh7 6. Bd2 d6 7. Bxb4 Nc6 8. Bc3
dxe5 9. dxe5 Qxd1+ 10. Kxd1 f6 11. exf6 exf6 12. Bb5 Be7 13. Be2 Be6 14. Nd4
O-O-O 15. Bxh5 Nxd4 16. Kc1 Ng5 17. g4 Ne2+ 18. Kb2 Rd5 19. a4 Nf3 20. g5 Rxh5
21. gxf6 Rb5+ 22. axb5 Rxb5+ 23. Bb4 Rxb4+ 24. Ka3 Nfd4 25. Ra2 Nb5# 0-1

[Event "Challenge"]
[Site "http://www.queenalice.com/game.php?id=252686"]
[Date "2007.8.8"]
[Round "-"]
[White "degas"]
[Black "carlao2005"]
[Result "1-0"]
[WhiteElo "1331"]
[BlackElo "1583"]

1. e4 e5 2. Nf3 Nc6 3. Nc3 Nf6 4. Bc4 Bb4 5. Ng5 O-O 6. a3 Bxc3 7. dxc3 h6 8.
Nxf7 Qe8 9. Nd6+ Qe6 10. Bxe6+ dxe6 11. Nxc8 Raxc8 12. Qe2 a5 13. O-O b6 14. Qc4
Nd8 15. f4 exf4 16. Bxf4 c6 17. Rad1 b5 18. Qb3 a4 19. Qb4 Nf7 20. Be3 Ng4 21.
Bc5 Rfd8 22. c4 Ng5 23. Rxd8+ Rxd8 24. Be7 Rd4 25. Bxg5 hxg5 26. Qe7 Rxe4 27.
Qd8+ Kh7 28. Qd3 Nf6 29. Rxf6 gxf6 30. Qxe4+ f5 31. Qxe6 f4 32. Qd7+ Kh6 33.
Qxc6+ Kh5 34. cxb5 Kh4 35. Qh6+ Kg4 36. Qh3# 1-0

[Event "O primeiro que eu desafio"]
[Site "http://www.queenalice.com/game.php?id=257852"]
[Date "2007.8.19"]
[Round "-"]
[White "degas"]
[Black "vania"]
[Result "1-0"]
[WhiteElo "1315"]
[BlackElo "1316"]

1. e4 e5 2. c4 c5 3. Nc3 g5 4. Nf3 f6 5. Nd5 h5 6. h4 gxh4 7. Rxh4 Nh6 8. Rxh5
a5 9. a4 d6 10. g4 Bxg4 11. Rh4 Nc6 12. Qb3 Be7 13. Qxb7 Bd7 14. Nc7+ Kf7 15.
Nxa8 Qxa8 16. Qxd7 Rd8 17. Qh3 Nb4 18. Bd3 Nxd3+ 19. Ke2 Nf4+ 20. Rxf4 exf4 21.
d3 Rh8 22. Bxf4 Qb7 23. Qh5+ Ke6 24. b3 Qxb3 25. Nd2 Qb2 26. Rb1 Qa2 27. Rb7
Qxa4 28. Qd5# 1-0

[Event "Challenge"]
[Site "http://www.queenalice.com/game.php?id=258291"]
[Date "2007.8.20"]
[Round "-"]
[White "carlao2005"]
[Black "degas"]
[Result "0-1"]
[WhiteElo "1567"]
[BlackElo "1370"]

1. d4 Nf6 2. f3 d5 3. Nc3 Nc6 4. e3 a6 5. e4 dxe4 6. fxe4 Nxd4 7. Be3 e5 8. Nf3
Nxf3+ 9. gxf3 Be6 10. Qxd8+ Rxd8 11. Bd3 Bb4 12. O-O-O Bxc3 13. bxc3 Bd7 14. f4
Ng4 15. Rde1 Nxe3 16. Rxe3 exf4 17. Rf3 g5 18. h4 Bg4 19. Rf2 f6 20. Rg1 h5 21.
hxg5 fxg5 22. Be2 Bxe2 23. Rxe2 g4 24. e5 Rf8 25. e6 f3 26. Re5 f2 27. Rf1 Ke7
28. Re2 g3 29. Rd2 g2 30. Rd7+ Rxd7 31. exd7 gxf1=Q+ 32. Kb2 Qb5+ 0-1

[Event "Challenge"]
[Site "http://www.queenalice.com/game.php?id=258844"]
[Date "2007.8.21"]
[Round "-"]
[White "vania"]
[Black "degas"]
[Result "0-1"]
[WhiteElo "1246"]
[BlackElo "1394"]

1. e4 Nf6 2. Nc3 d5 3. exd5 Nxd5 4. Bc4 c6 5. h4 e5 6. a4 Bf5 7. g4 b5 8. axb5
cxb5 9. Bxb5+ Nd7 10. Nxd5 Rb8 11. c4 a6 12. Ba4 Be6 13. Nf3 Bxg4 14. Rg1 Qxh4
15. Nxh4 Bxd1 16. Kxd1 Kd8 17. Nf5 g6 18. Nfe3 Nc5 19. Bc6 h5 20. Ra5 Bd6 21. b4
Nd3 22. Ba3 Nxf2+ 23. Ke2 Nh3 24. Rg3 Nf4+ 25. Kf3 e4+ 26. Kxe4 f5+ 27. Kf3 Nd3
28. Kg2 Bxg3 29. Kxg3 Rf8 30. Nc2 Ne5 31. b5 f4+ 32. Nxf4 h4+ 33. Kxh4 Rxf4+ 34.
Kg5 Rf5+ 35. Kh6 Nxc6 36. Bd6 Nxa5 37. Bxb8 axb5 38. Kxg6 Rc5 39. d3 Kd7 40. Na3
bxc4 41. dxc4 Nxc4 42. Ba7 Rc6+ 43. Kf5 Nxa3 44. Ke5 Nc4+ 45. Kd5 Nb6+ 46. Bxb6
Rxb6 47. Kc5 Rd6 48. Kc4 Kc6 49. Kc3 Kc5 50. Kb3 Rd4 51. Kc3 Rd5 52. Kc2 Kc4 53.
Kb2 Rd3 54. Kc2 Kd4 55. Kb2 Rc3 56. Ka2 Kd3 57. Kb2 Kd2 58. Kb1 Rb3+ 59. Ka2 Kc2
60. Ka1 Ra3# 0-1

[Event "Challenge"]
[Site "http://www.queenalice.com/game.php?id=265282"]
[Date "2007.9.1"]
[Round "-"]
[White "degas"]
[Black "vania"]
[Result "1-0"]
[WhiteElo "1357"]
[BlackElo "1290"]

1. e4 e5 2. Nf3 Nc6 3. Nc3 Nf6 4. Bc4 Na5 5. Nxe5 d5 6. Bxd5 Nxd5 7. Nxd5 f6 8.
Qh5+ g6 9. Nxg6 Rg8 10. Ne5+ Rg6 11. Nxg6 hxg6 12. Qxg6+ Kd7 13. Nxf6+ Ke7 14.
Ng8+ Kd7 15. d4 Nc6 16. Nf6+ Kd6 17. Bf4+ Ke7 18. Nd5+ Kd7 19. Qf7+ Be7 20. Nf6#
1-0

[Event "Challenge"]
[Site "http://www.queenalice.com/game.php?id=277407"]
[Date "2007.9.26"]
[Round "-"]
[White "degas"]
[Black "carlao2005"]
[Result "1-0"]
[WhiteElo "1404"]
[BlackElo "1610"]

1. c4 e5 2. Nc3 Nf6 3. Nf3 e4 4. Ng5 h6 5. Ngxe4 Nxe4 6. Nxe4 f5 7. Ng3 f4 8.
Ne4 d5 9. cxd5 Qxd5 10. d3 Bb4+ 11. Bd2 Bxd2+ 12. Qxd2 Nc6 13. Qxf4 Qe5 14.
Qxe5+ Nxe5 15. Rc1 c6 16. e3 O-O 17. f4 Ng4 18. Kd2 Be6 19. Be2 Rad8 20. Nc5 Bd5
21. Bxg4 Bxg2 22. Rhg1 Bd5 23. Be6+ Kh8 24. e4 Rxf4 25. exd5 b6 26. dxc6 Rf2+
27. Ke3 Rd6 28. Kxf2 Rxc6 29. Nd7 Rxe6 30. Rc8+ Kh7 31. Nf8+ Kg8 32. Nxe6+ Kf7
33. Nxg7 Ke7 34. Rg6 Kd7 35. Rgc6 h5 36. R8c7+ Kd8 37. Ne6+ Ke8 38. Rd6 a5 39.
Rd8# 1-0

[Event "Challenge"]
[Site "http://www.queenalice.com/game.php?id=291266"]
[Date "2007.10.22"]
[Round "-"]
[White "degas"]
[Black "vania"]
[Result "1-0"]
[WhiteElo "1404"]
[BlackElo "1236"]

1. e4 e5 2. Nf3 Nc6 3. Nc3 Bc5 4. Bc4 Na5 5. Nxe5 Qf6 6. Bxf7+ Kd8 7. d4 Bb6 8.
Bxg8 Rxg8 9. Bg5 Qxg5 10. Nf7+ Ke8 11. Nxg5 Nc4 12. Qh5+ g6 13. Qxh7 Kf8 14.
Qf7# 1-0

[Event "Challenge"]
[Site "http://www.queenalice.com/game.php?id=292134"]
[Date "2007.10.24"]
[Round "-"]
[White "carlao2005"]
[Black "degas"]
[Result "1-0"]
[WhiteElo "1587"]
[BlackElo "1413"]

1. d4 d5 2. c4 e6 3. cxd5 exd5 4. Nc3 Nf6 5. Nf3 Bb4 6. e3 O-O 7. a3 Be7 8. Qb3
c5 9. Be2 Nc6 10. O-O Re8 11. Bb5 Qd6 12. Ne5 cxd4 13. Nxc6 bxc6 14. Bd3 dxc3
15. Qxc3 Ng4 16. g3 1-0

[Event "Challenge"]
[Site "http://www.queenalice.com/game.php?id=317263"]
[Date "2007.12.8"]
[Round "-"]
[White "vania"]
[Black "degas"]
[Result "0-1"]
[WhiteElo "1411"]
[BlackElo "1428"]

1. e4 e6 2. f4 d5 3. exd5 exd5 4. Bb5+ c6 5. Ba4 b5 6. Bb3 c5 7. d3 Nc6 8. Nc3
c4 9. dxc4 dxc4 10. Nxb5 cxb3 11. axb3 Bf5 12. g4 Be4 13. Nf3 Qe7 14. O-O Qc5+
15. Nfd4 Nxd4 16. Nxd4 O-O-O 17. c3 Bd6 18. b4 Qd5 19. Rxa7 Nf6 20. b5 Bc5 21.
Qa4 Bxa7 22. Qxa7 Bd3 23. Re1 Rhe8 24. Rxe8 Rxe8 25. f5 Nxg4 26. Nc6 Re1# 0-1

[Event "Challenge"]
[Site "http://www.queenalice.com/game.php?id=317875"]
[Date "2007.12.10"]
[Round "-"]
[White "degas"]
[Black "vania"]
[Result "0-1"]
[WhiteElo "1443"]
[BlackElo "1402"]

1. e4 e5 2. Nf3 Nc6 3. d4 exd4 4. Nxd4 Nxd4 5. Qxd4 c5 6. Qe5+ Be7 7. Bc4 f6 8.
Qh5+ g6 9. Qd5 Qa5+ 10. Bd2 Qc7 11. g3 a6 12. Bf4 Qa5+ 13. c3 g5 14. Bd6 Bxd6
15. Qxd6 Qa4 16. Qxc5 Qc2 17. O-O Qxb2 18. Na3 b6 19. Rab1 Qd2 20. e5 bxc5 21.
Rbe1 Qxc3 22. Re3 Qd4 23. exf6+ Kf8 24. Rd3 Qb2 25. Rb1 Qc2 26. Nxc2 Nxf6 27.
Rf3 Kg7 28. Rf5 d5 29. Rxg5+ Kh6 0-1

[Event "fudevú de caçarolê"]
[Site "http://www.queenalice.com/game.php?id=350651"]
[Date "2008.2.8"]
[Round "-"]
[White "carlao2005"]
[Black "degas"]
[Result "1-0"]
[WhiteElo "1677"]
[BlackElo "1425"]

1. e4 e5 2. Nf3 Nc6 3. Bb5 Qf6 4. O-O Bc5 5. c3 a6 6. Bxc6 dxc6 7. d4 exd4 8. e5
Qd8 9. cxd4 Bb6 10. Nc3 Ne7 11. Qd3 Bf5 12. Qc4 Qd7 13. Bf4 O-O 14. a4 Bg4 15.
h3 Bxf3 16. gxf3 Qxd4 17. Qxd4 Bxd4 18. Rad1 Rad8 19. Bg5 1-0